RICS Practice Alert - VRS Compliance (Record no. 121980)

MARC details
000 -LEADER
fixed length control field 01039nam a22002177a 4500
008 - FIXED-LENGTH DATA ELEMENTS--GENERAL INFORMATION
fixed length control field 240806e20240701xxk|||||o|||| 00| 0 eng d
041 ## - LANGUAGE CODE
Language code of text/sound track or separate title eng
110 ## - MAIN ENTRY--CORPORATE NAME
Corporate author Royal Institution of Chartered Surveyors
245 ## - TITLE STATEMENT
Title RICS Practice Alert - VRS Compliance
Medium [Email update]
260 ## - PUBLICATION INFORMATION
Place of publication London,
Publisher Royal Institution of Chartered Surveyors,
Date 1 July 2024
300 ## - PHYSICAL DESCRIPTION
Physical description email
490 ## - SERIES TITLE
Series statement RICS Practice Alert
520 ## - ABSTRACT
Abstract RICS is issuing this Practice Alert as a reminder of the regulatory requirements for members engaging in valuation activities. Adherence to these standards ensures the highest level of professionalism and integrity within our profession. Outlines Valuer Registration Scheme (VRS) compliance
650 ## - KEYWORDS
Keywords VALUER REGISTRATION
650 ## - KEYWORDS
Keywords VALUATION
651 ## - SUBJECT ADDED ENTRY--GEOGRAPHIC NAME
Geographic name International
690 ## - BROAD SUBJECT
Broad subject RICS
9 (RLIN) 6277
710 ## - ADDED CORPORATE NAME
Added corporate author Royal Institution of Chartered Surveyors
856 ## - ONLINE RESOURCE
Uniform Resource Identifier <a href="https://www.rics.org/content/dam/ricsglobal/documents/regulation/PA-VRS-compliance_final.pdf">https://www.rics.org/content/dam/ricsglobal/documents/regulation/PA-VRS-compliance_final.pdf</a>
Public note View the online Practice Update
942 ## - ADDED ENTRY ELEMENTS (KOHA)
Suppress in OPAC Do not suppress in OPAC
Holdings
Lost status Damaged status Not for loan Current library Shelving location Date acquired Total Checkouts Full call number Date last seen Price effective from Koha item type
      Virtual Online 06/08/2024   email 06/08/2024 06/08/2024 email